<?xml version="1.0" encoding="UTF-8"?><?xml-stylesheet type="text/xsl" href="static/style.xsl"?><OAI-PMH xmlns="http://www.openarchives.org/OAI/2.0/" xmlns:xsi="http://www.w3.org/2001/XMLSchema-instance" xsi:schemaLocation="http://www.openarchives.org/OAI/2.0/ http://www.openarchives.org/OAI/2.0/OAI-PMH.xsd"><responseDate>2026-06-01T17:45:10Z</responseDate><request verb="GetRecord" identifier="oai:riuma.uma.es:10630/31340" metadataPrefix="marc">https://riuma.uma.es/rest/oai/request</request><GetRecord><record><header><identifier>oai:riuma.uma.es:10630/31340</identifier><datestamp>2026-02-03T10:53:15Z</datestamp><setSpec>com_10630_2254</setSpec><setSpec>col_10630_37953</setSpec></header><metadata><record xmlns="http://www.loc.gov/MARC21/slim" xmlns:dcterms="http://purl.org/dc/terms/" xmlns:doc="http://www.lyncode.com/xoai" xmlns:xsi="http://www.w3.org/2001/XMLSchema-instance" xsi:schemaLocation="http://www.loc.gov/MARC21/slim http://www.loc.gov/standards/marcxml/schema/MARC21slim.xsd">
   <leader>00925njm 22002777a 4500</leader>
   <datafield ind2=" " ind1=" " tag="042">
      <subfield code="a">dc</subfield>
   </datafield>
   <datafield ind2=" " ind1=" " tag="720">
      <subfield code="a">Nieto Jiménez, José Carlos</subfield>
      <subfield code="e">author</subfield>
   </datafield>
   <datafield ind2=" " ind1=" " tag="260">
      <subfield code="c">2023</subfield>
   </datafield>
   <datafield ind2=" " ind1=" " tag="520">
      <subfield code="a">En este artículo se analiza la utilización por el Gobierno de la facultad de otorgar su conformidad a la tramitación de proposiciones de ley que supongan aumento de créditos o disminución de ingresos presupuestarios. La atención se centra en el empleo del denominado veto presupuestario como alternativa a la falta de mayoría parlamentaria para rechazar las iniciativas legislativas de la oposición en las legislaturas con elevados niveles de fragmentación, y en las consecuencias que de ello se derivan para los derechos fundamentales de los diputados. Así mismo, se estudian los precedentes de su aplicación, la evolución y ampliación de la jurisprudencia del Tribunal Constitucional al respecto, y su recepción en la práctica parlamentaria del Congreso de los Diputados. Por último se formula una propuesta de actualización de la regulación actual en el Reglamento del Congreso del trámite de disconformidad por razones presupuestarias.</subfield>
   </datafield>
   <datafield ind1="8" ind2=" " tag="024">
      <subfield code="a">“El empleo del veto presupuestario como vía alternativa para rechazar proposiciones de ley en tiempos de fragmentación parlamentaria: precedentes, evolución jurisprudencial y afectación de nuevos derechos”, Nuove Autonomie, núm. 1/2023, págs. 389-420.</subfield>
   </datafield>
   <datafield ind1="8" ind2=" " tag="024">
      <subfield code="a">1122-228x</subfield>
   </datafield>
   <datafield ind1="8" ind2=" " tag="024">
      <subfield code="a">https://hdl.handle.net/10630/31340</subfield>
   </datafield>
   <datafield tag="653" ind2=" " ind1=" ">
      <subfield code="a">Derecho constitucional - España</subfield>
   </datafield>
   <datafield tag="653" ind2=" " ind1=" ">
      <subfield code="a">Poder legislativo</subfield>
   </datafield>
   <datafield tag="653" ind2=" " ind1=" ">
      <subfield code="a">Poder ejecutivo</subfield>
   </datafield>
   <datafield tag="653" ind2=" " ind1=" ">
      <subfield code="a">España. Cortes Generales. Congreso - Reglamentos y procedimiento</subfield>
   </datafield>
   <datafield ind2="0" ind1="0" tag="245">
      <subfield code="a">El empleo del veto presupuestario como vía alternativa para rechazar proposiciones de ley en tiempos de fragmentación parlamentaria: precedentes, evolución jurisprudencial y afectación de nuevos derechos.</subfield>
   </datafield>
</record>
</metadata></record></GetRecord></OAI-PMH>